| 000 | 00739nam a2200253 a 4500 | ||
|---|---|---|---|
| 001 | 63825 | ||
| 003 | BD-RjUL | ||
| 005 | 20211209081234.0 | ||
| 008 | 980929s1997 sz a b 000 0 ger d | ||
| 020 | _a3908102278 | ||
| 035 | _a(BD-RjUL)63955 | ||
| 040 |
_aDLC _cDLC _beng _dBD-RjUL |
||
| 041 | _aeng | ||
| 082 | 0 | 0 |
_a791.4309494 _223 _bSCF 1997 |
| 100 | 1 |
_aSchaub, Martin, _d1937- _9185874 |
|
| 245 | 1 | 0 |
_aFilm in der Schweiz / _cMartin Schaub. |
| 250 | _a1. Aufl. | ||
| 260 |
_aZürich : _bPro Helvetia, _cc1997. |
||
| 300 |
_a154 p. : _bill. ; _c21 cm. |
||
| 500 | _aOne leaf of maps inserted. | ||
| 504 | _aIncludes bibliographical references (p. [151]-152). | ||
| 650 | 0 |
_aMotion pictures _zSwitzerland. _9185426 |
|
| 942 |
_2ddc _cBK |
||
| 999 |
_c63825 _d63825 |
||